000 01608cam a2200337 4500
001 J91749
008 090401t1998 xxu||||| |||| 00| 0 eng d
035 _a(Sirsi) u86248
041 _aeng
050 _a692.8
110 _aJoint Contracts Tribunal
_93664
245 _aStandard Form of Building Contract with Contractor`s Design 1981 edition ... Amendment 12 and guidance notes issued April 1998. Amendments arising out of proposals in Constructing the Team by Sir Michael Latham ... issued July 1994. Amendments to comply with the provisions of the Housing Grants, Construction and Regeneration Act 1996: Part II construction contracts.
260 _aLondon
_bRIBA Publications
_c1998
300 _a56p. ; 30cm.
350 _a5
650 _aMANAGEMENT-DISPUTE AVOIDANCE, MANAGEMENT AND RESOLUTION-DISPUTE MANAGEMENT AND RESOLUTION-ALTERNATIVE DISPUTE RESOLUTION-ADJUDICATION-ADJUDICATION AGREEMENTS
650 _aADVANCE PAYMENT BONDS
650 _aAMENDMENT 12
650 _aMANAGEMENT-DISPUTE AVOIDANCE, MANAGEMENT AND RESOLUTION-DISPUTE MANAGEMENT AND RESOLUTION-ARBITRATION
650 _aBUILT ENVIRONMENT-BUILDING CONTRACT FORMS
650 _aBUILT ENVIRONMENT-BUILDING CONTRACT FORMS
650 _aCONSTRUCTION DISPUTES
650 _aCONTRACTORS DESIGN
650 _aHOUSING GRANTS CONSTRUCTION AND REGENERATION ACT 1996
650 _aJCT ADJUDICATION AGREEMENT
650 _aJCT STANDARD FORM OF CONTRACT WITH CONTRACTOR'S DESIGN (1981 EDITION)
650 _aLATHAM REFORMS
690 _aBUILT ENVIRONMENT-BUILDING CONTRACT FORMS
942 _n0
948 _c15/05/1998
999 _c97124
_d97124